<?xml version="1.0" encoding="UTF-8"?>
<record
    xmlns:xsi="http://www.w3.org/2001/XMLSchema-instance"
    xsi:schemaLocation="http://www.loc.gov/MARC21/slim http://www.loc.gov/standards/marcxml/schema/MARC21slim.xsd"
    xmlns="http://www.loc.gov/MARC21/slim">

  <leader>00888nam a22002657b 4500</leader>
  <controlfield tag="005">20231108142737.0</controlfield>
  <controlfield tag="008">231108b        sa ||||| |||| 00| 0 eng d</controlfield>
  <datafield tag="020" ind1=" " ind2=" ">
    <subfield code="a">9780749920159</subfield>
  </datafield>
  <datafield tag="040" ind1=" " ind2=" ">
    <subfield code="c">3228</subfield>
  </datafield>
  <datafield tag="041" ind1=" " ind2=" ">
    <subfield code="2">E</subfield>
  </datafield>
  <datafield tag="082" ind1=" " ind2=" ">
    <subfield code="a">158.1 SWEE</subfield>
  </datafield>
  <datafield tag="100" ind1=" " ind2=" ">
    <subfield code="a">Corinne Sweet</subfield>
    <subfield code="9">184241</subfield>
  </datafield>
  <datafield tag="245" ind1=" " ind2=" ">
    <subfield code="a"> Overcoming addiction : positive steps for breaking free of addiction and building self-esteem</subfield>
  </datafield>
  <datafield tag="250" ind1=" " ind2=" ">
    <subfield code="a">Rev. and updated ed. 2001</subfield>
  </datafield>
  <datafield tag="260" ind1=" " ind2=" ">
    <subfield code="a"> London, </subfield>
    <subfield code="b"> Piatkus,</subfield>
    <subfield code="c">2001</subfield>
  </datafield>
  <datafield tag="300" ind1=" " ind2=" ">
    <subfield code="a">[ xi, 292 pages ] : illustrations ; </subfield>
    <subfield code="c">22 cm</subfield>
  </datafield>
  <datafield tag="504" ind1=" " ind2=" ">
    <subfield code="a">Include index</subfield>
  </datafield>
  <datafield tag="650" ind1=" " ind2=" ">
    <subfield code="a">Addicts Psychology Popular works</subfield>
    <subfield code="9">184242</subfield>
  </datafield>
  <datafield tag="650" ind1=" " ind2=" ">
    <subfield code="a">Addicts Rehabilitation</subfield>
    <subfield code="9">184243</subfield>
  </datafield>
  <datafield tag="650" ind1=" " ind2=" ">
    <subfield code="a">Compulsive behavior</subfield>
    <subfield code="9">184244</subfield>
  </datafield>
  <datafield tag="650" ind1=" " ind2=" ">
    <subfield code="a">Popular works</subfield>
    <subfield code="9">184245</subfield>
  </datafield>
  <datafield tag="650" ind1=" " ind2=" ">
    <subfield code="a">Substance abuse</subfield>
    <subfield code="9">184246</subfield>
  </datafield>
  <datafield tag="655" ind1=" " ind2=" ">
    <subfield code="a"> Popular works</subfield>
    <subfield code="9">138378</subfield>
  </datafield>
  <datafield tag="942" ind1=" " ind2=" ">
    <subfield code="2">ddc</subfield>
    <subfield code="c">BOOK</subfield>
    <subfield code="h">158.1 SWEE</subfield>
    <subfield code="w">365</subfield>
    <subfield code="x">Zama Nxumalo</subfield>
    <subfield code="y">365</subfield>
    <subfield code="z">Zama Nxumalo</subfield>
  </datafield>
  <datafield tag="999" ind1=" " ind2=" ">
    <subfield code="c">760186</subfield>
    <subfield code="d">760185</subfield>
  </datafield>
  <datafield tag="952" ind1=" " ind2=" ">
    <subfield code="0">0</subfield>
    <subfield code="1">0</subfield>
    <subfield code="2">ddc</subfield>
    <subfield code="4">0</subfield>
    <subfield code="7">0</subfield>
    <subfield code="a">GRTDL</subfield>
    <subfield code="b">GRTDL</subfield>
    <subfield code="c">Non_Fiction</subfield>
    <subfield code="d">2023-11-08</subfield>
    <subfield code="l">0</subfield>
    <subfield code="o">158.1 SWEE</subfield>
    <subfield code="p">33003000010319</subfield>
    <subfield code="r">2023-11-08</subfield>
    <subfield code="w">2023-11-08</subfield>
    <subfield code="y">BOOK</subfield>
  </datafield>
</record>
